=LDR 00000nam 2200000 4500 =001 NUTBA000000000001671 =005 20140508144005.0 =006 =007 =008 =020 ##$$a 978-602-843-3695-3 =035 ##$$0010-051400000000136 =040 ##$$a Ind =082 ##$$a 813 =090 ##$$a 813$bPor p =100 ##$$a Porter, Eleanor h. =245 ##$$a Pollyanna grows up$cEleanor H Porter =260 ##$$a Jakarta$bOrange books$c2010. =300 ##$$a 361 Hlm$bIlus$c20 cm. =850 ##$$a NBPNMAT =990 ##$$a 21112045 =990 ##$$a 21196399/BPAP-NTB/2014 =990 ##$$a 0001/BPAP-NTB/20142015